000 00728nam a2200277Ia 4500
003 OSt
005 20221007111936.0
006 a|||||r|||| 00| 0
007 ta
008 221006b |||||||| |||| 00| 0 eng d
020 _a9788171772155
024 _a24,587
037 _cTextual
040 _aLCO
_cLCO
_beng
041 _2eng
_aeng
082 _aX:95:(Z2,148), P9
100 _aBag R.K.
_9708656
245 0 _aService Law of Government Employees
260 _aKolkata
_bEastern Law House India
_c2009
300 _a602
650 _a EMPLOYEE
_9702519
650 _a GOVERNMENT
_9702413
650 _aSERVICE
942 _hX:95:(Z2,148), P9
_cTEXL
999 _c1194150
_d1194150